Normal view
MARC view
- Johnson , Richerd A
Entry Personal Name
001 - CONTROL NUMBER
- control field: 84298
003 - CONTROL NUMBER IDENTIFIER
- control field: NUST
005 - DATE AND TIME OF LATEST TRANSACTION
- control field: 20211116164236.0
008 - FIXED-LENGTH DATA ELEMENTS
- fixed length control field: 211116|| aca||aabn | a|a d
040 ## - CATALOGING SOURCE
- Original cataloging agency: NUST
- Transcribing agency: NUST
100 ## - HEADING--PERSONAL NAME
- Personal name: Johnson , Richerd A
670 ## - SOURCE DATA FOUND
- Source citation: Work cat.: (NUST)33788: Johnson , Richerd A., Probability and Statistics for Engineer /, 2015.
